| 000 | 01343 a2200193 4500 | ||
|---|---|---|---|
| 003 | Nust | ||
| 005 | 20230221120930.0 | ||
| 040 | _cNust | ||
| 082 | _a327.47054, RUS | ||
| 100 |
_aThe Army Press _9109330 |
||
| 245 |
_aRussia's march towards India _cVol-II _bThe Army Press |
||
| 250 | _avol. II | ||
| 260 |
_aThe Army Press _bRawalpindi _c1894 |
||
| 300 |
_axvi, 335 _billus _c24 cm |
||
| 505 | _aVol 1 Title: Early History Of Russia (Page-1), The Key And Gate (Page-25),Collaps Of Projected Invasions Of India (Page-50), Attacks On Heart And Khiva (Page-89), Troubles In Afghanistan (Page-126), Russian Advance Across The Kirghiz Steppes (Page-144), Attacks On Khokand And Bokhara (Page-183), The Anglo Russian Agreement Of 1873 (Page-221), Kulja And Kashgar (Page-235), Conquest Of Khiva (Page-273), Vol 2 Title: The Turkaman Of Khiva (Page-1), Annexation Of Khokand (Page-26), Russian Intrigue At Kabul (Page-61), Projected Invasion Of India (Page-79), Unsuccessful Compaign Against The Tekkes (Page-113), Skobeleff Compaign Against The Tekkes (Page-143), Annexation Of Mery (Page-165), The Afghan Boundary Question (Page-188), The Panjdeh Incident And Demarcation Of The Boundary (Page-224), Russian Movement In The Pamirs (Page-252). | ||
| 600 |
_aThe Army Press _9109330 |
||
| 650 |
_aRussia's march india _9109331 |
||
| 942 |
_2ddc _cBK |
||
| 999 |
_c184335 _d184335 |
||